| Tag |
First Indicator |
Second Indicator |
Subfields |
| LEADER |
00000cam a2200000 a 4500 |
| 001 |
in00002780197 |
| 005 |
20150922103509.0 |
| 008 |
120105s2012 nyu 000 f eng |
| 010 |
|
|
|a 2011050497
|
| 020 |
|
|
|a 9780307465207 (alk. paper)
|
| 020 |
|
|
|a 0307465209 (alk. paper)
|
| 035 |
|
|
|a (OCoLC)ocn756576895
|
| 040 |
|
|
|a DLC
|b eng
|c DLC
|d YDX
|d BTCTA
|d BDX
|d YDXCP
|d UPZ
|d LIV
|d ZPP
|d UtOrBLW
|
| 043 |
|
|
|a n-us-ny
|
| 049 |
|
|
|a TXAM
|
| 050 |
0 |
0 |
|a PS3621.N486
|b H43 2012
|
| 082 |
0 |
0 |
|a 813/.6
|2 23
|
| 100 |
1 |
|
|a Unger, Lisa,
|d 1970-
|
| 245 |
1 |
0 |
|a Heartbroken :
|b a novel /
|c Lisa Unger.
|
| 250 |
|
|
|a 1st ed.
|
| 264 |
|
1 |
|a New York :
|b Crown,
|c [2012]
|
| 264 |
|
4 |
|c ©2012
|
| 300 |
|
|
|a 370 pages ;
|c 25 cm.
|
| 336 |
|
|
|a text
|b txt
|2 rdacontent
|
| 337 |
|
|
|a unmediated
|b n
|2 rdamedia
|
| 338 |
|
|
|a volume
|b nc
|2 rdacarrier
|
| 520 |
|
|
|a While Kate pens an evocative historical novel based on family journals, her neighbor, Emily, flees a volatile relationship to an island in the Adirondacks where she, Kate, and Kate's mother, Birdie, face the consequences of their pasts.
|
| 650 |
|
0 |
|a Women
|z New York (State)
|z Adirondack Mountains Region
|v Fiction.
|
| 655 |
|
7 |
|a Suspense fiction.
|2 gsafd
|
| 655 |
|
7 |
|a Mystery fiction.
|2 gsafd
|
| 948 |
|
|
|a cataloged
|b h
|c 2012/7/6
|d c
|e ceaton
|f 1:19:34 pm
|
| 994 |
|
|
|a C0
|b TXA
|
| 999 |
|
|
|a MARS
|
| 999 |
f |
f |
|s 3b2a9d76-48ab-3348-85bc-3056c95da947
|i 362911c0-66d8-373b-96f2-79de960b2589
|t 0
|
| 952 |
f |
f |
|p ric
|a Texas A&M University
|b Rellis Campus
|c Joint Library Facility
|d Remote Storage
|t 0
|e PS3621.N486 H43 2012
|h Library of Congress classification
|i unmediated -- volume
|m A14841431704
|
| 998 |
f |
f |
|a PS3621.N486 H43 2012
|t 0
|l Remote Storage
|